|
|
|
|
| LEADER |
00000nam0a2200000 4500 |
| 001 |
32956 |
| 005 |
20231030205638.0 |
| 010 |
|
|
|a 5020024198
|
| 035 |
|
|
|a (RuTPU)RU\TPU\book\33268
|
| 035 |
|
|
|a BOOK00000061
|
| 090 |
|
|
|a 32956
|
| 100 |
|
|
|a 20011210d1994 km y0rusy50 ca
|
| 101 |
0 |
|
|a rus
|
| 102 |
|
|
|a RU
|
| 105 |
|
|
|a c a 001zb
|
| 200 |
1 |
|
|a Евгений Михайлович Сергеев
|f сост.: Л. А. Калашникова
|
| 210 |
|
|
|a Москва
|c Наука
|d 1994
|
| 215 |
|
|
|a 112 с.
|c порт.
|
| 225 |
1 |
|
|a Серия геологических наук
|v Вып. 47
|
| 225 |
1 |
|
|a Материалы к биобиблиографии ученых
|
| 320 |
|
|
|a Хронолог. указ. трудов: с. 40-81.
|
| 320 |
|
|
|a Именной указ. соавт.: с. 81-84.
|
| 320 |
|
|
|a Алф. указ. трудов: с. 84-107.
|
| 600 |
|
1 |
|a Сергеев
|b Е. М.
|c академик РАН
|f 1914-1997
|g Евгений Михайлович
|c российский геолог
|2 stltpush
|3 (RuTPU)RU\TPU\pers\6856
|
| 610 |
1 |
|
|a биобиблиография
|
| 610 |
1 |
|
|a инженерная геология
|
| 610 |
1 |
|
|a грунтоведение
|
| 610 |
1 |
|
|a гидрогеология
|
| 610 |
1 |
|
|a персоналии
|
| 675 |
|
|
|a 624.131(092)
|v 3
|
| 702 |
|
1 |
|a Калашникова
|b Л. А.
|4 220
|
| 801 |
|
0 |
|a RU
|b 63413507
|c 20011210
|g PSBO
|
| 801 |
|
2 |
|a RU
|b 63413507
|c 20150910
|g PSBO
|
| 942 |
|
|
|c BK
|